01683nab a22002297a 4500999001500000003000400015005001700019008004100036040000700077100003500084245009600119260007200215300001300287500003900300505080300339505008901142650002601231650002401257650001601281773014301297942001301440 c5965d5965OSt20260114140828.0190605e xxu||||| |||| 00| 0 spa d cPJ 96169aMosquera, Gerardo Raúl13aEl juego de las diferencias. ¿Indemnizaciones agravadas o multas? /cGerardo R. Mosquera.  aCiudad Autónoma de Buenos Aires :bThomson Reuters La Ley,c2024. ap. 56-71 aCita: TR LALEY AR/DOC/2628/2024.  aSumario: I. Introducción.— II. El conflicto de la retroactividad: sentencias divergentes.— III. Indemnizaciones derogadas: análisis y clasificación.— IV. Interpretación jurídica: discusión conceptual y terminológica.— V. Presunción de daño y responsabilidad objetiva.— VI. Indemnizaciones y causas de justificación: análisis y redacción correcta.— VII. Poder del lenguaje y su influencia en el derecho.— VIII. Análisis del art. 132 bis de la LCT, el art. 2° de la ley 25.323 y el art. 9° de la ley 25.013.— IX. Análisis del sistema de multas en el Pacto Federal del Trabajo (ley 25.212).— X. Indemnizaciones vs. Multas.— XI. Doctrina legal de la SCBA sobre la naturaleza de las indemnizaciones previstas en la ley 24.013.— XII. A modo de cierre.  t¿Te interesa el texto completo? Solicitalo al correo: koha@justierradelfuego.gov.ar 091316aDERECHO LABORAL 091382aINDEMNIZACION 092488aMULTA0 0271193168dCiudad Autónoma de Buenos Aires : Thomson Reuters La Ley, 1999-2002.tRevista de derecho del trabajo. Nº 6 - Noviembre 2024 2udccANA